| 000 | 00416nam a2200133Ia 4500 | ||
|---|---|---|---|
| 008 | 170516s9999 xx 000 0 und d | ||
| 245 | _aGreen Tea Catechin-Based Complex Micelles Combined with Doxorubicin to Overcome Cardiotoxicity and Multidrug Resistance | ||
| 260 | _bTheranostics | ||
| 260 | _c2016 | ||
| 300 | _a6:9 | ||
| 650 | _xMedical Technology | ||
| 650 | _xMedtech | ||
| 856 | _uhttp://www.thno.org/v6i9 | ||
| 999 |
_c330297 _d330297 |
||